|
|
|
|
| LEADER |
01469nam a2200397Ia 4500 |
| 001 |
EBC2097888 |
| 003 |
MiAaPQ |
| 005 |
20200520144314.0 |
| 006 |
m o d | |
| 007 |
cr cn||||||||| |
| 008 |
910115s1990 ncu sb 000 0 eng d |
| 020 |
|
|
|z 1882197844
|
| 035 |
|
|
|a (MiAaPQ)EBC2097888
|
| 035 |
|
|
|a (Au-PeEL)EBL2097888
|
| 035 |
|
|
|a (CaPaEBR)ebr10185413
|
| 035 |
|
|
|a (CaONFJC)MIL100163
|
| 035 |
|
|
|a (OCoLC)914433944
|
| 040 |
|
|
|a MiAaPQ
|c MiAaPQ
|d MiAaPQ
|
| 050 |
|
4 |
|a HD57.7
|b .E424 1990
|
| 100 |
1 |
|
|a Eichinger, Robert W.
|
| 245 |
1 |
0 |
|a Twenty-two ways to develop leadership in staff managers
|h [electronic resource] /
|c Robert W. Eichinger, Michael M. Lombardo.
|
| 260 |
|
|
|a Greensboro, N.C. :
|b Center for Creative Leadership,
|c c1990.
|
| 300 |
|
|
|a 27 p.
|
| 490 |
1 |
|
|a Putting ideas into action
|
| 490 |
1 |
|
|a Report number 144
|
| 504 |
|
|
|a Includes bibliography.
|
| 533 |
|
|
|a Electronic reproduction. Ann Arbor, MI : ProQuest, 2015. Available via World Wide Web. Access may be limited to ProQuest affiliated libraries.
|
| 650 |
|
0 |
|a Leadership.
|
| 650 |
|
0 |
|a Personnel management.
|
| 655 |
|
4 |
|a Electronic books.
|
| 700 |
1 |
|
|a Lombardo, Michael M.
|
| 710 |
2 |
|
|a Center for Creative Leadership.
|
| 710 |
2 |
|
|a ProQuest (Firm)
|
| 830 |
|
0 |
|a Report (Center for Creative Leadership) ;
|v no. 144.
|
| 830 |
|
0 |
|a Putting ideas into action.
|
| 856 |
4 |
0 |
|u https://ebookcentral.proquest.com/lib/matrademy/detail.action?docID=2097888
|z Click to View
|